[Event "Lichtenberger Sommer 2016"]
[Site "?"]
[Date "2016.08.13"]
[Round "1.79"]
[White "Deutschbein, Christopher"]
[Black "Klühs, Gustaf"]
[Result "1-0"]
[WhiteElo "2006"]
[BlackElo "1407"]
[PlyCount "53"]
[EventDate "2016.??.??"]
[WhiteTeam "Eckernförder SC"]
[BlackTeam "Borussia Friedrichsfelde"]

1. e4 c5 2. Nc3 Nc6 3. Bb5 e6 4. Bxc6 bxc6 5. d3 Nf6 6. f4 d5 7. e5 d4 8. Nb1
Nd5 9. Nf3 Be7 10. O-O h5 11. Na3 Ba6 12. Nc4 Nb6 13. b3 Nd5 14. Bd2 Nb4 15. a3
Nd5 16. Ng5 g6 17. Qf3 Qd7 18. Ne4 Bxc4 19. bxc4 Nb6 20. Rab1 Qc7 21. Rb3 Rb8
22. Rfb1 Kd7 23. Be1 Na4 24. Ng5 Bxg5 25. fxg5 Rhf8 26. Rxb8 Rxb8 27. Qxf7+ 1-0

[Event "Lichtenberger Sommer 2016"]
[Site "?"]
[Date "2016.08.13"]
[Round "1.80"]
[White "Stark, Steven"]
[Black "Nofal, Jameel"]
[Result "1/2-1/2"]
[WhiteElo "1475"]
[BlackElo "1900"]
[PlyCount "69"]
[EventDate "2016.??.??"]
[WhiteTeam "BSC Rehberge"]
[BlackTeam "vereinslos"]

1. e4 c5 2. Nf3 d6 3. Be2 Nf6 4. e5 dxe5 5. Nxe5 Qc7 6. Bb5+ Bd7 7. Bxd7+ Nbxd7
8. Nxd7 Qxd7 9. d3 e5 10. Nc3 Be7 11. Qe2 Qg4 12. Qxg4 Nxg4 13. h3 Nf6 14. Bg5
O-O 15. Bxf6 Bxf6 16. O-O-O Bd8 17. Kb1 f6 18. f3 Rf7 19. Ne4 Bb6 20. c3 Rd8
21. Kc2 Rfd7 22. c4 Rd4 23. Rhe1 a6 24. Re2 Ba7 25. Nc3 Kf7 26. Nd5 b5 27. b3
R4xd5 28. cxd5 Rxd5 29. a4 b4 30. Rde1 Bb8 31. g4 g6 32. Rf2 Bd6 33. Re4 a5 34.
Rfe2 Kg7 35. Rg2 1/2-1/2

[Event "Lichtenberger Sommer 2016"]
[Site "?"]
[Date "2016.08.13"]
[Round "1.81"]
[White "Friedrich, Gerhard"]
[Black "Schmole-Rostosky, Joachim"]
[Result "1-0"]
[WhiteElo "1930"]
[BlackElo "1580"]
[PlyCount "68"]
[EventDate "2016.??.??"]
[WhiteTeam "SG Schwäbisch Gmünd"]
[BlackTeam "SF SW Merzhausen"]

1. d4 Nf6 2. c4 g6 3. Nc3 Bg7 4. e4 d6 5. Nf3 O-O 6. h3 Na6 7. Be2 c5 8. d5 Bd7
9. O-O Nc7 10. Bg5 a6 11. a4 Rb8 12. a5 h6 13. Bf4 Nh5 14. Bh2 Nf6 15. e5 Nfe8
16. Bd3 g5 17. Qe2 g4 18. hxg4 Bxg4 19. Qe3 f5 20. Nh4 dxe5 21. Bxe5 Nd6 22.
Ng6 Rf7 23. Nf4 Bxe5 24. Qxe5 Rg7 25. f3 Qf8 26. fxg4 Rxg4 27. Rae1 Re8 28. Ne6
Nxe6 29. Qxe6+ Qf7 30. Qxf7+ Kxf7 31. Bxf5 Nxf5 32. Rxf5+ Kg6 33. Rfe5 Rxc4 34.
Re6+ Kh5 1-0

[Event "Lichtenberger Sommer 2016"]
[Site "?"]
[Date "2016.08.13"]
[Round "1.82"]
[White "Ho, Ngoc Hai-Dang"]
[Black "Thesing, Ansgar"]
[Result "0-1"]
[WhiteElo "1242"]
[BlackElo "1987"]
[PlyCount "30"]
[EventDate "2016.??.??"]
[WhiteTeam "SF Friedrichshagen"]
[BlackTeam "SC Kreuzberg"]

1. e4 c5 2. Nf3 d6 3. Bc4 e6 4. d4 cxd4 5. Nxd4 Nf6 6. Nc3 a6 7. a4 Be7 8. O-O
O-O 9. Re1 Qc7 10. Ba2 Nc6 11. Rb1 Bd7 12. b4 Nxd4 13. Qxd4 Ng4 14. Qc4 Qxc4
15. Bxc4 Rac8 0-1

[Event "Lichtenberger Sommer 2016"]
[Site "?"]
[Date "2016.08.13"]
[Round "1.83"]
[White "Willich, Manfred"]
[Black "Fischer, Josef"]
[Result "1-0"]
[WhiteElo "1969"]
[BlackElo "1386"]
[PlyCount "45"]
[EventDate "2016.??.??"]
[WhiteTeam "SK Turm Bad Hersfeld"]
[BlackTeam "SK Kriegshaber"]

1. d4 e6 2. Bf4 f5 3. e3 Nf6 4. Be2 d5 5. Nh3 c6 6. O-O Be7 7. Nd2 O-O 8. c4
Nbd7 9. Ng5 Nb8 10. Rb1 a5 11. b3 Ne4 12. Ngxe4 fxe4 13. f3 exf3 14. Bxf3 Na6
15. Qe2 Nc7 16. Rbd1 Bd7 17. Be5 Bf6 18. Bxf6 Rxf6 19. e4 e5 20. dxe5 Re6 21.
exd5 cxd5 22. cxd5 Bb5 23. Nc4 1-0

[Event "Lichtenberger Sommer 2016"]
[Site "?"]
[Date "2016.08.13"]
[Round "1.84"]
[White "Wolfram, Mike"]
[Black "Kuran, Wilfried"]
[Result "0-1"]
[WhiteElo "1556"]
[BlackElo "1885"]
[PlyCount "84"]
[EventDate "2016.??.??"]
[WhiteTeam "Lok Pritzwalk"]
[BlackTeam "Spielgemeinschaft Sauwald"]

1. d4 Nf6 2. c4 d5 3. e3 c6 4. Nc3 e6 5. Nf3 Bd6 6. Bd3 O-O 7. O-O Nbd7 8. c5
Bc7 9. Qc2 e5 10. dxe5 Nxe5 11. Nxe5 Bxe5 12. f4 Bc7 13. Ne2 Re8 14. Bf5 Qe7
15. Rf3 Bxf5 16. Qxf5 Ne4 17. b4 g6 18. Qh3 f5 19. Bb2 b6 20. Qh6 Qd7 21. Nd4
Re7 22. Rc1 bxc5 23. bxc5 Rae8 24. Qh4 Ba5 25. Nb3 Bd8 26. Qe1 Rf7 27. Nd2 Ba5
28. Rc2 Bxd2 29. Rxd2 Nxd2 30. Qxd2 Rb8 31. Qc3 Rxb2 32. Qxb2 Qb7 33. Qe5 Qe7
34. Qb2 Qxc5 35. Qb3 Qb6 36. Qa4 Re7 37. Kf2 Re4 38. Qa3 c5 39. Qc3 d4 40. exd4
Rxd4 41. Qe3 Re4 42. Qd3 c4+ 0-1

[Event "Lichtenberger Sommer 2016"]
[Site "?"]
[Date "2016.08.13"]
[Round "1.85"]
[White "Voigt, Ingo"]
[Black "Toth, Hans-Jürgen"]
[Result "1-0"]
[WhiteElo "1967"]
[BlackElo "1623"]
[PlyCount "61"]
[EventDate "2016.??.??"]
[WhiteTeam "BSV 63 Chemie Weißensee"]
[BlackTeam "SF Zehdenick"]

1. d4 f5 2. c4 Nf6 3. Nc3 e6 4. g3 Bb4 5. Bg2 Bxc3+ 6. bxc3 d5 7. Ba3 b6 8.
cxd5 Nxd5 9. c4 Nf6 10. Bxa8 c6 11. Nf3 Ba6 12. Qa4 b5 13. Bxc6+ Kf7 14. Bxb5
Bxb5 15. Ne5+ Ke8 16. Qxb5+ Nbd7 17. Qa6 Nf8 18. Qxa7 N8d7 19. Qa6 Nf8 20. O-O
h5 21. Rab1 h4 22. Qa7 N6d7 23. Nc6 Qg5 24. Rb8+ Nxb8 25. Qxb8+ Kf7 26. Ne5+
Kg8 27. Qxf8+ Kh7 28. Qf7 hxg3 29. hxg3 Ra8 30. Kg2 Rxa3 31. Rh1+ 1-0

[Event "Lichtenberger Sommer 2016"]
[Site "?"]
[Date "2016.08.13"]
[Round "1.86"]
[White "Kramer, Ralf"]
[Black "Hesse, Henrik"]
[Result "0-1"]
[WhiteElo "1559"]
[BlackElo "1903"]
[PlyCount "72"]
[EventDate "2016.??.??"]
[WhiteTeam "SK Zehlendorf"]
[BlackTeam "SV Mattnetz Berlin"]

1. e4 e5 2. f4 d5 3. exd5 exf4 4. Nf3 Bg4 5. Nc3 Bxf3 6. Qxf3 Qh4+ 7. g3 fxg3
8. hxg3 Qf6 9. Qg2 Bd6 10. Rh4 Ne7 11. Ne4 Qe5 12. d4 Qxd5 13. Nxd6+ Qxd6 14.
Bf4 Qe6+ 15. Kd2 Nbc6 16. Re1 Qd7 17. c3 O-O-O 18. Bc4 Nxd4 19. Kc1 Ne6 20. Be3
Nf5 21. Bxe6 fxe6 22. Re4 Nxe3 23. R4xe3 Rhe8 24. Qe2 Re7 25. Rf1 e5 26. Re4
Rf7 27. Rxf7 Qxf7 28. Rxe5 Qxa2 29. Qg4+ Kb8 30. Qe2 Qf7 31. Re7 Qf6 32. Re8
Qg5+ 33. Re3 Re8 34. Kd2 Qxe3+ 35. Qxe3 Rxe3 36. Kxe3 Kc8 0-1

[Event "Lichtenberger Sommer 2016"]
[Site "?"]
[Date "2016.08.13"]
[Round "1.87"]
[White "Keusch, Horst"]
[Black "Paris, Gerhard"]
[Result "1-0"]
[WhiteElo "1973"]
[BlackElo "1486"]
[PlyCount "65"]
[EventDate "2016.??.??"]
[WhiteTeam "SC Eintracht Berlin"]
[BlackTeam "TSG Oberschöneweide"]

1. f4 d6 2. Nf3 Nf6 3. b3 g6 4. Bb2 Bg7 5. e3 c5 6. Be2 Nc6 7. O-O O-O 8. Qe1
Bf5 9. d3 a5 10. e4 Bd7 11. Nc3 Nb4 12. Qd2 Nc6 13. Rab1 Na7 14. e5 dxe5 15.
Nxe5 Nc6 16. Nxd7 Qxd7 17. Na4 Ne4 18. Qe3 Bxb2 19. Rxb2 Qd4 20. Qxd4 Nxd4 21.
c3 b5 22. cxd4 bxa4 23. dxe4 axb3 24. dxc5 bxa2 25. Rxa2 Rfc8 26. Rc1 a4 27.
Bb5 a3 28. Bd7 Rc7 29. c6 e6 30. Rc3 Ra4 31. Rcxa3 Rxe4 32. Ra7 Rxa7 33. Rxa7
1-0

[Event "Lichtenberger Sommer 2016"]
[Site "?"]
[Date "2016.08.13"]
[Round "1.88"]
[White "Caglar, Erdal"]
[Black "Jaeger, Andre"]
[Result "0-1"]
[WhiteElo "1520"]
[BlackElo "1949"]
[PlyCount "42"]
[EventDate "2016.??.??"]
[WhiteTeam "SW Lichtenrade"]
[BlackTeam "SC Rochade (Berlin)"]

1. e4 c5 2. Nf3 Nc6 3. g3 g6 4. Bg2 Bg7 5. O-O e6 6. d3 Nge7 7. Nbd2 O-O 8. Re1
d5 9. exd5 exd5 10. c3 Bf5 11. Nb3 b6 12. d4 c4 13. Nbd2 Qd7 14. Nf1 h6 15. Qa4
Rfe8 16. Ne3 Be4 17. Ng4 Qxg4 18. Ne5 Nxe5 19. dxe5 Bxg2 20. Kxg2 Nf5 21. h3
Nh4+ 0-1

[Event "Lichtenberger Sommer 2016"]
[Site "?"]
[Date "2016.08.13"]
[Round "1.89"]
[White "Oginski, Ulrich"]
[Black "Gräbnitz, Marc-Florian"]
[Result "1/2-1/2"]
[WhiteElo "1769"]
[BlackElo "1320"]
[PlyCount "56"]
[EventDate "2016.??.??"]
[WhiteTeam "SC Weisse Dame (Berlin)"]
[BlackTeam "SC Eintracht Berlin"]

1. d4 Nf6 2. Nf3 d5 3. c4 e6 4. g3 dxc4 5. Bg2 Bd6 6. Na3 Nbd7 7. Nxc4 O-O 8.
Nxd6 cxd6 9. O-O d5 10. b3 b6 11. Ba3 Re8 12. Qc2 Bb7 13. Rac1 Rc8 14. Qb2 Rc6
15. Rxc6 Bxc6 16. Rc1 Qa8 17. e3 Rc8 18. Bf1 Bb7 19. Rxc8+ Qxc8 20. Qc1 Qxc1
21. Bxc1 Kf8 22. b4 Ne4 23. Nd2 Nc3 24. a3 Bc6 25. Bb2 Nb5 26. a4 Nc7 27. b5
Bb7 28. Ba3+ Kg8 1/2-1/2

[Event "Lichtenberger Sommer 2016"]
[Site "?"]
[Date "2016.08.13"]
[Round "1.90"]
[White "Andersohn, Marco"]
[Black "Schubert, Joachim"]
[Result "0-1"]
[WhiteElo "1300"]
[BlackElo "1889"]
[PlyCount "63"]
[EventDate "2016.??.??"]
[WhiteTeam "SC Weisse Dame (Berlin)"]
[BlackTeam "SC Friesen Lichtenberg"]

1. e4 c5 2. Bc4 e6 3. Nc3 Nc6 4. Nf3 d6 5. O-O Nf6 6. d4 cxd4 7. Nxd4 Be7 8.
Re1 O-O 9. Be3 a6 10. a4 Qc7 11. Nxc6 bxc6 12. Qf3 Rb8 13. Bb3 h6 14. Qg3 Kh7
15. Rad1 e5 16. f4 Be6 17. Bxe6 fxe6 18. fxe5 dxe5 19. b3 Bb4 20. Bd2 a5 21.
Re3 Bc5 22. Nd5 Bxe3+ 23. Qxe3 Qd8 24. Nxf6+ Qxf6 25. Bc3 Rbd8 26. Re1 Rf7 27.
Qg3 Rdf8 28. h3 Qf2+ 29. Qxf2 Rxf2 30. Bxe5 Rxc2 31. Bd6 Rff2 32. Bc5 0-1

[Event "Lichtenberger Sommer 2016"]
[Site "?"]
[Date "2016.08.13"]
[Round "1.91"]
[White "Seitz, Patrick"]
[Black "Raasch, Hauke"]
[Result "1-0"]
[WhiteElo "1745"]
[BlackElo "1269"]
[PlyCount "35"]
[EventDate "2016.??.??"]
[WhiteTeam "SR Heuberg-Gosheim"]
[BlackTeam "SC Eintracht Berlin"]

1. e4 d5 2. exd5 Qxd5 3. Nc3 Qa5 4. d4 c6 5. Nf3 Qc7 6. Bc4 Bf5 7. O-O e6 8.
Re1 Nf6 9. Nh4 Bg6 10. Bg5 Nbd7 11. Qe2 Nd5 12. Bxd5 cxd5 13. Nxd5 Qd6 14. c4
b5 15. Rac1 h6 16. Bf4 Qa6 17. Nxg6 fxg6 18. cxb5 1-0

[Event "Lichtenberger Sommer 2016"]
[Site "?"]
[Date "2016.08.13"]
[Round "1.92"]
[White "Gläsmann, Christian"]
[Black "Bladt, Johannes"]
[Result "0-1"]
[WhiteElo "1518"]
[BlackElo "1874"]
[PlyCount "94"]
[EventDate "2016.??.??"]
[WhiteTeam "SC Erkrath"]
[BlackTeam "SK Singen"]

1. e4 e6 2. Nf3 d5 3. exd5 exd5 4. d4 Bg4 5. Be2 Nf6 6. O-O Be7 7. Nc3 O-O 8.
Ne5 Bxe2 9. Nxe2 Nbd7 10. Ng3 c6 11. Nf5 Nxe5 12. dxe5 Ne4 13. Qg4 g6 14. h4 h5
15. Nh6+ Kh7 16. Qf3 Bxh4 17. Nxf7 Qe7 18. Qf4 Rxf7 19. Qh6+ Kg8 20. Qxg6+ Rg7
21. Qxh5 Bg5 22. Qh2 Re8 23. Qh3 Qxe5 24. f4 Qd4+ 25. Be3 Qxb2 26. fxg5 Nxg5
27. Bxg5 Rxg5 28. Qd3 Qe5 29. Qf3 Qd4+ 30. Qf2 Qxf2+ 31. Rxf2 Rge5 32. Raf1 Re1
33. Rf8+ Rxf8 34. Rxe1 Kf7 35. Rf1+ Ke7 36. Rxf8 Kxf8 37. Kf2 Kf7 38. Ke3 c5
39. Kf4 Kf6 40. g4 d4 41. g5+ Kg6 42. Ke4 Kxg5 43. Kd5 b6 44. Ke4 Kf6 45. Kd5
Ke7 46. a4 a5 47. Kc6 c4 0-1

[Event "Lichtenberger Sommer 2016"]
[Site "?"]
[Date "2016.08.13"]
[Round "1.93"]
[White "Merz, Rüdiger"]
[Black "Chung, Nicholas"]
[Result "1-0"]
[WhiteElo "1908"]
[BlackElo "1402"]
[PlyCount "29"]
[EventDate "2016.??.??"]
[WhiteTeam "SK Zehlendorf"]
[BlackTeam "TuS Makkabi Berlin"]

1. d4 d5 2. c4 e6 3. Nc3 Nf6 4. Nf3 Nbd7 5. Bg5 c6 6. e3 Qc7 7. Rc1 h6 8. Bh4
Qb6 9. Qc2 c5 10. cxd5 Nxd5 11. Nxd5 exd5 12. Be2 Qb4+ 13. Nd2 cxd4 14. Qxc8+
Rxc8 15. Rxc8# 1-0

[Event "Lichtenberger Sommer 2016"]
[Site "?"]
[Date "2016.08.13"]
[Round "1.94"]
[White "Fontaine, Constantin"]
[Black "Bauder, Herbert"]
[Result "1/2-1/2"]
[WhiteElo "1527"]
[BlackElo "1924"]
[PlyCount "30"]
[EventDate "2016.??.??"]
[WhiteTeam "SK Tempelhof 1931"]
[BlackTeam "Lasker Steglitz-Wilmersdorf"]

1. d4 Nf6 2. Nc3 d5 3. Bg5 Nbd7 4. Nf3 g6 5. e3 Bg7 6. Bd3 O-O 7. O-O c6 8. Re1
h6 9. Bh4 Re8 10. e4 dxe4 11. Nxe4 Nxe4 12. Bxe4 Nf6 13. Bxf6 Bxf6 14. c3 Be6
15. Bxg6 Bxa2 1/2-1/2

[Event "Lichtenberger Sommer 2016"]
[Site "?"]
[Date "2016.08.13"]
[Round "1.95"]
[White "Werner, Justus"]
[Black "Dittrich, Hans-Juergen"]
[Result "1-0"]
[WhiteElo "1937"]
[BlackElo "1345"]
[PlyCount "39"]
[EventDate "2016.??.??"]
[WhiteTeam "SG Stadtilm"]
[BlackTeam "vereinslos"]

1. d4 d5 2. c4 dxc4 3. e3 Nf6 4. Bxc4 e6 5. Nf3 Bb4+ 6. Bd2 Bxd2+ 7. Nbxd2 O-O
8. O-O b6 9. Rc1 Bb7 10. Bd3 Be4 11. Nxe4 Nxe4 12. Bxe4 c6 13. Ne5 Qd6 14. Nxc6
Nxc6 15. Rxc6 Qe7 16. Qc2 f5 17. Bf3 Rad8 18. Rc1 Rd7 19. Qb3 Kf7 20. d5 1-0

[Event "Lichtenberger Sommer 2016"]
[Site "?"]
[Date "2016.08.13"]
[Round "1.96"]
[White "Geist, Wolfgang"]
[Black "Schmidt, Jürgen"]
[Result "0-1"]
[WhiteElo "1447"]
[BlackElo "1944"]
[PlyCount "60"]
[EventDate "2016.??.??"]
[WhiteTeam "SC Weisse Dame (Berlin)"]
[BlackTeam "SC Kreuzberg"]

1. d4 d5 2. e3 Nf6 3. Nf3 Bg4 4. Be2 e6 5. O-O Bd6 6. c3 Nbd7 7. Nbd2 c6 8. a3
O-O 9. Ne1 Bxe2 10. Qxe2 e5 11. dxe5 Nxe5 12. Ndf3 Ng6 13. g3 Qd7 14. Ng2 h6
15. Ngh4 Nxh4 16. Nxh4 Qh3 17. Nf3 Rfe8 18. Re1 c5 19. Qf1 Qg4 20. Qg2 Qa4 21.
Bd2 Qc2 22. Rab1 Rad8 23. Rec1 Qh7 24. Re1 Ne4 25. Qf1 g5 26. Qd3 Qf5 27. Qe2
Re6 28. Red1 Rf6 29. Kg2 g4 30. Nh4 Qxf2+ 0-1

[Event "Lichtenberger Sommer 2016"]
[Site "?"]
[Date "2016.08.13"]
[Round "1.97"]
[White "Muskewitz, Bernd"]
[Black "Eichstädt, Torsten"]
[Result "1-0"]
[WhiteElo "1951"]
[BlackElo "1346"]
[PlyCount "55"]
[EventDate "2016.??.??"]
[WhiteTeam "SV Mattnetz Berlin"]
[BlackTeam "SC Friesen Lichtenberg"]

1. e4 c6 2. d4 d5 3. exd5 cxd5 4. c4 Nf6 5. Nc3 e6 6. Nf3 Be7 7. cxd5 Nxd5 8.
Bd3 Nf6 9. O-O O-O 10. Bf4 Nc6 11. Rc1 Qb6 12. Nb5 Nd5 13. Bg3 Rd8 14. Qe2 a6
15. Nc3 Nf6 16. Be5 Nb4 17. Bb1 Nbd5 18. Ne4 Bd7 19. Nxf6+ Nxf6 20. Bc7 Bb5 21.
Bxb6 Bxe2 22. Bxd8 Bxd8 23. Rfe1 Bb5 24. a3 Nd5 25. Be4 Rb8 26. Bxd5 exd5 27.
Rc5 Bc6 28. Rxc6 1-0

[Event "Lichtenberger Sommer 2016"]
[Site "?"]
[Date "2016.08.13"]
[Round "1.98"]
[White "Klühs, Isabel"]
[Black "Dathe, Frederick"]
[Result "0-1"]
[WhiteElo "1095"]
[BlackElo "1884"]
[PlyCount "82"]
[EventDate "2016.??.??"]
[WhiteTeam "Borussia Friedrichsfelde"]
[BlackTeam "SC Kreuzberg"]

1. d4 Nf6 2. Nd2 g6 3. e4 d6 4. Bc4 Bg7 5. c3 O-O 6. Ngf3 Nc6 7. O-O e5 8. b3
Bg4 9. Bd3 exd4 10. c4 Ne5 11. Bb1 c5 12. h3 Bd7 13. Nxe5 dxe5 14. Nf3 Nh5 15.
Bd3 Nf4 16. Bxf4 exf4 17. Qd2 Qc7 18. Rfe1 Rfe8 19. Re2 Bc6 20. Rae1 h6 21. Qc1
g5 22. Qa3 b6 23. b4 Bb7 24. b5 f6 25. Qc1 h5 26. h4 g4 27. Nh2 Bh6 28. Qc2 Re5
29. Nf1 Kh8 30. g3 f3 31. Rd2 Bxd2 32. Qxd2 Qh7 33. a4 Rf8 34. Qf4 Kg7 35. Nd2
Qh6 36. Qxh6+ Kxh6 37. Kf1 f5 38. Ra1 fxe4 39. Bc2 e3 40. fxe3 dxe3 41. Nb3 e2+
0-1

[Event "Lichtenberger Sommer 2016"]
[Site "?"]
[Date "2016.08.13"]
[Round "1.99"]
[White "Freimuth, Dominik Stefan"]
[Black "Lieger, Lucas"]
[Result "1-0"]
[WhiteElo "1838"]
[BlackElo "1239"]
[PlyCount "75"]
[EventDate "2016.??.??"]
[WhiteTeam "SF Birkenfeld"]
[BlackTeam "SC Eintracht Berlin"]

1. e4 d5 2. exd5 Qxd5 3. Qf3 Qxf3 4. Nxf3 Nf6 5. Bc4 Bf5 6. d3 e6 7. Nc3 Bd6 8.
Nb5 O-O 9. Nfd4 a6 10. Nxf5 axb5 11. Nxd6 bxc4 12. Nxc4 Nc6 13. Be3 Nb4 14. Kd2
Rfd8 15. a3 Nbd5 16. f3 Nxe3 17. Nxe3 h6 18. Rhe1 Re8 19. a4 b6 20. b4 c6 21.
c4 Reb8 22. Kc3 Rc8 23. d4 b5 24. a5 Kf8 25. Kb3 Ke7 26. Rad1 bxc4+ 27. Nxc4
Nd5 28. Ka3 Rcb8 29. Rb1 g6 30. Ne5 Rc8 31. Rec1 Kd6 32. Nxf7+ Kd7 33. Nxh6 Ne3
34. Rb2 Rh8 35. Nf7 Rxh2 36. Ne5+ Kd6 37. Nc4+ Nxc4+ 38. Rxc4 1-0

[Event "Lichtenberger Sommer 2016"]
[Site "?"]
[Date "2016.08.13"]
[Round "1.100"]
[White "Motsch, Sebastian"]
[Black "Kievelitz, Bernd"]
[Result "0-1"]
[WhiteElo "1036"]
[BlackElo "1866"]
[PlyCount "90"]
[EventDate "2016.??.??"]
[WhiteTeam "Ludwigsfelder SC"]
[BlackTeam "SC Zitadelle Spandau"]

1. e4 c5 2. Nf3 e6 3. Be2 d6 4. c3 Nf6 5. d3 Be7 6. e5 dxe5 7. Nxe5 O-O 8. O-O
Qc7 9. Bf4 Bd6 10. d4 Nc6 11. Na3 Bxe5 12. dxe5 Nxe5 13. Bg3 Ne4 14. Nb5 Qb8
15. Bxe5 Qxe5 16. Qc2 Nf6 17. Rad1 Bd7 18. Nd6 Bc6 19. Nc4 Qg5 20. Ne3 Nd5 21.
Nxd5 Bxd5 22. f3 Rfd8 23. c4 Bc6 24. Rd3 Rxd3 25. Bxd3 g6 26. Be4 Rd8 27. Bxc6
Rd2 28. f4 Rxc2 29. fxg5 bxc6 30. Rf2 Rc1+ 31. Rf1 Rxf1+ 32. Kxf1 f5 33. gxf6
Kf7 34. Ke2 Kxf6 35. Ke3 Kf5 36. Kf3 h5 37. h3 h4 38. g4+ hxg3 39. Kxg3 Ke4 40.
Kg4 e5 41. Kg3 Ke3 42. Kg2 Ke2 43. a3 e4 44. b4 cxb4 45. axb4 a6 0-1

[Event "Lichtenberger Sommer 2016"]
[Site "?"]
[Date "2016.08.13"]
[Round "1.101"]
[White "Eisheh, Jens-Tarek"]
[Black "Petersen, Sophie"]
[Result "1-0"]
[WhiteElo "1828"]
[BlackElo "1014"]
[PlyCount "43"]
[EventDate "2016.??.??"]
[WhiteTeam "Lübecker SV"]
[BlackTeam "SV Rüdersdorf"]

1. e4 e5 2. Nc3 Nc6 3. f4 Bb4 4. Nf3 d6 5. d4 Bg4 6. d5 Nd4 7. Be2 Nxf3+ 8.
Bxf3 Bxf3 9. Qxf3 Nf6 10. fxe5 dxe5 11. O-O O-O 12. Bg5 Be7 13. Nd1 h6 14. Bh4
Nxd5 15. Bg3 Nf6 16. Bxe5 Qd7 17. Bc3 Bc5+ 18. Kh1 Be7 19. Ne3 Qe6 20. Nd5 Nxd5
21. exd5 Qxd5 22. Qxd5 1-0

[Event "Lichtenberger Sommer 2016"]
[Site "?"]
[Date "2016.08.13"]
[Round "1.102"]
[White "Schilling, Florian"]
[Black "Lange, Malina"]
[Result "1-0"]
[WhiteElo "1932"]
[BlackElo "795"]
[PlyCount "113"]
[EventDate "2016.??.??"]
[BlackTeam "TuS Makkabi Berlin"]

1. Nf3 Nc6 2. b3 Nf6 3. Bb2 d6 4. d4 Bf5 5. a3 Qd7 6. Nc3 O-O-O 7. Qd2 g6 8. e3
Bg7 9. O-O-O d5 10. Bb5 Qd6 11. Bxc6 Qxc6 12. Ne5 Qe6 13. f3 h5 14. h3 h4 15.
Na4 Nd7 16. Qa5 Kb8 17. e4 dxe4 18. d5 Qd6 19. Nxd7+ Rxd7 20. Bxg7 Rh7 21. Bd4
Qxa3+ 22. Kb1 b6 23. Qb5 Qd6 24. fxe4 Bxe4 25. Bc5 a6 26. Qb4 Qe5 27. Rhe1 f5
28. Nxb6 cxb6 29. Qxb6+ Kc8 30. Qxg6 Rg7 31. Qxa6+ Kc7 32. Bd4 Qd6 33. Qa5+ Kc8
34. Bxg7 Bxd5 35. Rxd5 Qxd5 36. Qxd5 Rxd5 37. Rxe7 f4 38. Rf7 Rg5 39. Bd4 Rxg2
40. Rxf4 Kd7 41. Rxh4 Ke6 42. Kb2 Kf5 43. Kc3 Kg5 44. Rg4+ Rxg4 45. hxg4 Kxg4
46. Kc4 Kf5 47. Kc5 Ke6 48. Kc6 Ke7 49. b4 Kd8 50. b5 Kc8 51. b6 Kd8 52. b7 Ke7
53. b8=Q Ke6 54. Qe5+ Kf7 55. Kd6 Kg6 56. Ke6 Kh7 57. Qg7# 1-0

[Event "Lichtenberger Sommer 2016"]
[Site "?"]
[Date "2016.08.13"]
[Round "1.103"]
[White "Lippianowski, Stefan"]
[Black "Teichert, Felix"]
[Result "0-1"]
[WhiteElo "1150"]
[BlackElo "1774"]
[PlyCount "46"]
[EventDate "2016.??.??"]
[WhiteTeam "SV Mattnetz Berlin"]
[BlackTeam "Leegebrucher SF"]

1. d4 Nf6 2. Nc3 d5 3. Nf3 Bf5 4. Bf4 c6 5. Ne5 Nbd7 6. e3 e6 7. Bd3 Bxd3 8.
Nxd3 g6 9. Qf3 Bg7 10. Ne5 Nh5 11. Bg3 O-O 12. Ng4 f5 13. Ne5 Nxe5 14. Bxe5
Bxe5 15. dxe5 Qc7 16. Qe2 Qxe5 17. f4 Qd6 18. O-O-O b5 19. e4 Nxf4 20. Qd2 b4
21. e5 Qxe5 22. Rhe1 bxc3 23. Qxc3 Ne2+ 0-1

[Event "Lichtenberger Sommer 2016"]
[Site "?"]
[Date "2016.08.14"]
[Round "2.1"]
[White "Hahlbohm, Matthias"]
[Black "Dobrov, Vladimir"]
[Result "0-1"]
[WhiteElo "2101"]
[BlackElo "2510"]
[PlyCount "85"]
[EventDate "2016.??.??"]
[WhiteTeam "TSG Oberschöneweide"]
[BlackTeam "Perovo Moscow"]

1. e4 c5 2. Nf3 d6 3. d4 cxd4 4. Nxd4 Nf6 5. Nc3 a6 6. g3 e5 7. Nde2 Be6 8. Bg2
Nbd7 9. O-O Rc8 10. h3 Qc7 11. Be3 Be7 12. f4 O-O 13. f5 Bc4 14. Rf2 b5 15. a3
Rfd8 16. g4 d5 17. exd5 Nb6 18. Ng3 Nfxd5 19. Nxd5 Nxd5 20. Bxd5 Bxd5 21. Qe2
e4 22. Kh2 Bc5 23. Qe1 Bd6 24. Rg2 Be5 25. Rb1 Ba2 26. Ra1 Bd5 27. Rb1 f6 28.
h4 Qf7 29. c3 Bb7 30. Rd1 Rd3 31. Rdd2 h5 32. Kh3 hxg4+ 33. Kxg4 Rcd8 34. h5
Bc8 35. Kh4 Qd7 36. Rdf2 Rd1 37. Qe2 Qc7 38. Nf1 Qc4 39. Qg4 R8d7 40. h6 Rxf1
41. Qg6 Rh1+ 42. Rh2 Rxh2+ 43. Rxh2 0-1

[Event "Lichtenberger Sommer 2016"]
[Site "?"]
[Date "2016.08.14"]
[Round "2.2"]
[White "Poetsch, Hagen"]
[Black "Wirth, Heinz"]
[Result "1-0"]
[WhiteElo "2501"]
[BlackElo "1996"]
[PlyCount "77"]
[EventDate "2016.??.??"]
[WhiteTeam "SF Schöneck"]
[BlackTeam "SC Weisse Dame (Berlin)"]

1. e4 c5 2. Nf3 e6 3. d4 cxd4 4. Nxd4 a6 5. Bd3 Nf6 6. O-O Qc7 7. Qe2 d6 8. f4
Nbd7 9. c4 b6 10. Nc3 Bb7 11. f5 e5 12. Nb3 Rc8 13. Be3 h5 14. Nd5 Qb8 15. Bg5
Be7 16. Nxe7 Kxe7 17. Nd2 Qa8 18. b4 Kf8 19. Rfe1 h4 20. h3 Nh5 21. Qg4 Nhf6
22. Qe2 Nh5 23. Qf2 Nf4 24. Bf1 Re8 25. Bxh4 g5 26. Bxg5 Nxh3+ 27. gxh3 Rg8 28.
Nf3 f6 29. Bg2 fxg5 30. Qd2 g4 31. Qxd6+ Re7 32. f6 Nxf6 33. Qxf6+ Ke8 34. hxg4
Rxg4 35. Qh8+ Kd7 36. Nxe5+ Rxe5 37. Qxe5 Qg8 38. Rad1+ Kc8 39. Rd2 1-0

[Event "Lichtenberger Sommer 2016"]
[Site "?"]
[Date "2016.08.14"]
[Round "2.3"]
[White "Poseck, Steffen"]
[Black "Morawietz, Dieter"]
[Result "0-1"]
[WhiteElo "2039"]
[BlackElo "2424"]
[PlyCount "66"]
[EventDate "2016.??.??"]
[WhiteTeam "BSV 63 Chemie Weißensee"]
[BlackTeam "Klub Kölner SF"]

1. c4 e5 2. g3 Nf6 3. Bg2 c6 4. d4 exd4 5. Qxd4 d5 6. cxd5 cxd5 7. Nc3 Nc6 8.
Qd1 d4 9. Ne4 Bf5 10. Nxf6+ Qxf6 11. Nf3 Bc5 12. O-O O-O 13. Ne1 Rfe8 14. Nd3
Bb6 15. b3 Bg4 16. Re1 Rad8 17. Ba3 Qe6 18. Nf4 Qe5 19. Nd3 Qh5 20. Qd2 Qb5 21.
Rac1 Ba5 22. b4 Bb6 23. h3 Bc8 24. Qc2 Bf5 25. g4 Bg6 26. Qb3 h5 27. Bb2 hxg4
28. hxg4 Qg5 29. b5 Na5 30. Qb4 Qxg4 31. f3 Qg3 32. Nc5 Re5 33. Ne4 Rxe4 0-1

[Event "Lichtenberger Sommer 2016"]
[Site "?"]
[Date "2016.08.14"]
[Round "2.4"]
[White "Ahmadinia, Ebrahim"]
[Black "Rüegsegger, Beat"]
[Result "1-0"]
[WhiteElo "2357"]
[BlackElo "2011"]
[PlyCount "89"]
[EventDate "2016.??.??"]
[WhiteTeam "SF 1903 Berlin"]
[BlackTeam "Trubschachen"]

1. e4 e5 2. Nf3 Nc6 3. Bc4 Bc5 4. c3 Nf6 5. d3 d6 6. Bb3 a6 7. h3 Ba7 8. Nbd2
Qe7 9. Nf1 Be6 10. Ng3 O-O 11. Qe2 Bxb3 12. axb3 Qe6 13. b4 Ne7 14. O-O Ng6 15.
Nf5 Ne7 16. Ng5 Qd7 17. Nxe7+ Qxe7 18. Kh1 h6 19. Nf3 Nh7 20. Nh2 Bb6 21. Ng4
Qe6 22. Ne3 Bxe3 23. Bxe3 f5 24. exf5 Rxf5 25. b5 d5 26. Ra3 Rf6 27. Qg4 Qxg4
28. hxg4 Nf8 29. Rfa1 Nd7 30. Rb3 Kf7 31. Kg1 Rb8 32. Ra5 Rd6 33. bxa6 bxa6 34.
Rxb8 Nxb8 35. Bc5 Rd8 36. Ba7 Nc6 37. Rxa6 Nxa7 38. Rxa7 Rd7 39. f3 Ke7 40. Kf2
Kd6 41. b4 Rf7 42. Ke3 Re7 43. Ra6+ Kd7 44. Rg6 Ke8 45. c4 1-0